[Event "Indywidualne Mistrzostwa Polski Juniorow Mlodszych do 14 lat OOM Podlaskie 2015 "]
[Site "Suwalki"]
[Date "1899-12-30"]
[Round "2.2"]
[White "Kosakowski, Jakub"]
[Black "Miszkielo, Bartosz"]
[Result "1-0"]
[WhiteTitle "k"]
[BlackTitle "I"]
[WhiteElo "2186"]
[BlackElo "1823"]

1. e4 c5 2. Nf3 Nc6 3. d4 cxd4 4. Nxd4 Nf6 5. Nc3 e5 6. Ndb5 d6 7. Bg5 a6 8. Na3
b5 9. Nd5 Be7 10. Bxf6 Bxf6 11. c4 b4 12. Nc2 a5 13. g3 O-O 14. Bg2 Bg5 15. h4
Be7 16. O-O Rb8 17. b3 f5 18. exf5 Bxf5 19. Nde3 Bxc2 20. Nxc2 Na7 21. Qd3 Kh8
22. Be4 h6 23. Ne3 Nc8 24. Rfd1 Nb6 25. Bf5 Qc7 26. Rac1 Qc5 27. Qe4 Ra8 28. Qg4
Rf6 29. Be4 Rd8 30. Bb1 Qc6 31. Nf5 Bf8 32. c5 Nd7 33. cxd6 Qb6 34. Rd2 Nc5 35.
Rcd1 Nb7 36. d7 Nc5 37. Ne3 Rf7 38. Nc4 Qf6 39. Nxe5 1-0

[Event "Indywidualne Mistrzostwa Polski Juniorow Mlodszych do 14 lat OOM Podlaskie 2015 "]
[Site "Suwalki"]
[Date "1899-12-30"]
[Round "2.3"]
[White "Pytel, Maciej"]
[Black "Woloch, Oskar"]
[Result "1/2-1/2"]
[WhiteTitle "I"]
[BlackTitle "k"]
[WhiteElo "1821"]
[BlackElo "2110"]

1. e4 e5 2. f4 Bc5 3. Nf3 d6 4. c3 Nf6 5. d4 exd4 6. cxd4 Bb6 7. Nc3 O-O 8. Bd3
Re8 9. h3 Bf5 10. e5 Bxd3 11. Qxd3 dxe5 12. fxe5 Nc6 13. Bf4 Nh5 14. Bh2 Nf6 15.
O-O-O Nb4 16. Qf5 Qd7 17. Qxd7 Nxd7 18. a3 Na6 19. b4 c6 20. Ne4 Bc7 21. Rhe1
Nb6 22. Kc2 Rad8 23. Kb3 Nd5 24. Nd6 Bxd6 25. exd6 f6 26. Rxe8+ Rxe8 27. Re1 Kf7
28. Rxe8 Kxe8 29. Nd2 Nb8 30. Nc4 b6 31. a4 Nd7 32. b5 c5 33. Bg1 cxd4 34. Bxd4
Kf7 35. Nd2 Ke6 36. Ne4 Nf4 37. g3 Nxh3 38. Kc4 f5 39. Nc3 g6 40. a5 Ng5 41. axb6
axb6 42. Nd5 Ne4 43. Nxb6 Nxb6+ 44. Bxb6 Nxd6+ 45. Kb4 Kd7 46. Be3 Nb7 47. Kc4
Ke6 48. Bf4 Nd6+ 49. Kc5 Nxb5 50. Kxb5 Kf6 51. Kc4 g5 1/2-1/2

[Event "Indywidualne Mistrzostwa Polski Juniorow Mlodszych do 14 lat OOM Podlaskie 2015 "]
[Site "Suwalki"]
[Date "1899-12-30"]
[Round "2.4"]
[White "Kowalski, Igor"]
[Black "Raczynski, Krzysztof"]
[Result "0-1"]
[WhiteTitle "k"]
[BlackTitle "I+"]
[WhiteElo "2084"]
[BlackElo "1758"]

1. d4 Nf6 2. c4 g6 3. Nc3 Bg7 4. e4 d6 5. Nf3 O-O 6. Be2 e5 7. O-O Nc6 8. d5 Ne7
9. b4 Nh5 10. Re1 f5 11. a4 f4 12. c5 h6 13. Nd2 Nf6 14. Nc4 h5 15. Bf1 Ne8 16.
Ba3 g5 17. f3 Ng6 18. b5 Rf7 19. b6 axb6 20. cxb6 cxb6 21. Rb1 Bf8 22. Nxb6 Rb8
23. Qb3 Nh4 24. Nxc8 Rxc8 25. Be2 Rg7 26. h3 g4 27. fxg4 Nf6 28. g3 fxg3 29. Rf1
hxg4 30. hxg4 Nxg4 31. Bxg4 Rxg4 32. Qxb7 Rg7 33. Qb2 Qd7 34. Nd1 Qh3 35. Rf6
Rb8 36. Qc2 Rxb1 37. Rxf8+ Kxf8 0-1

[Event "Indywidualne Mistrzostwa Polski Juniorow Mlodszych do 14 lat OOM Podlaskie 2015 "]
[Site "Suwalki"]
[Date "1899-12-30"]
[Round "2.5"]
[White "Godzwon, Iwo"]
[Black "Lukasiewicz, Krzysztof"]
[Result "1/2-1/2"]
[WhiteTitle "I"]
[BlackTitle "I++"]
[WhiteElo "1801"]
[BlackElo "2079"]

1. e4 e5 2. Nf3 Nc6 3. Bb5 Nge7 4. O-O g6 5. d4 exd4 6. Nxd4 Bg7 7. c3 O-O 8. Bg5
h6 9. Be3 a6 10. Bxc6 bxc6 11. Nd2 c5 12. N4f3 d6 13. Re1 Nc6 14. Nf1 Re8 15.
Ng3 Bb7 16. Qc2 Qe7 17. Nd2 Ne5 18. Bf4 Qf6 19. Bxe5 Qxe5 20. Nc4 Qg5 21. Re3
h5 22. Rae1 Rad8 23. Nd2 h4 24. Ngf1 d5 25. exd5 Rxe3 26. Nxe3 Bxd5 27. Nxd5 Qxd5
28. Nf1 Qxa2 29. h3 Rb8 30. Re2 Qc4 31. Ne3 Qf4 32. Nd5 Qd6 33. Qe4 Kf8 34. Ne3
Bf6 35. Nd5 c6 36. Nxf6 Qxf6 37. Qc4 Qg5 38. f4 Qf5 39. Re5 Qb1+ 40. Kh2 Qxb2
41. Qxc5+ Kg8 42. Qxc6 Qf2 43. Re8+ Rxe8 44. Qxe8+ Kg7 45. Qe5+ Kh7 46. Qf6 Qg3+
47. Kg1 Qe1+ 48. Kh2 Qg3+ 49. Kg1 Qe1+ 50. Kh2 1/2-1/2

[Event "Indywidualne Mistrzostwa Polski Juniorow Mlodszych do 14 lat OOM Podlaskie 2015 "]
[Site "Suwalki"]
[Date "1899-12-30"]
[Round "2.6"]
[White "Chylewski, Patryk"]
[Black "Poplawski, Maciej"]
[Result "1-0"]
[WhiteTitle "I++"]
[BlackTitle "I"]
[WhiteElo "2036"]
[BlackElo "1737"]

1. e4 Nc6 2. Nf3 d6 3. d4 Nf6 4. Nc3 Bg4 5. Bb5 a6 6. Bxc6+ bxc6 7. h3 Bh5 8. O-O
e6 9. Re1 d5 10. g4 Bg6 11. Ne5 Nxe4 12. Nxe4 Bxe4 13. f3 Bg6 14. c4 Qh4 15. Kg2
Bd6 16. Bf4 Bxe5 17. Bxe5 O-O 18. c5 Qe7 19. Qa4 Qd7 20. Qa5 Rfb8 21. Re2 Ra7
22. a4 Bd3 23. Rd2 Rb3 24. Ra3 Rxa3 25. bxa3 Bc4 26. Rb2 h5 27. Rb8+ Kh7 28. Qd2
Qe7 29. Rh8+ Kxh8 30. Qh6+ Kg8 31. Qxg7# 1-0

[Event "Indywidualne Mistrzostwa Polski Juniorow Mlodszych do 14 lat OOM Podlaskie 2015 "]
[Site "Suwalki"]
[Date "1899-12-30"]
[Round "2.7"]
[White "Kubiak, Jakub"]
[Black "Sernecki, Franciszek"]
[Result "1/2-1/2"]
[WhiteTitle "I"]
[BlackTitle "I"]
[WhiteElo "1753"]
[BlackElo "1998"]

1. e4 d6 2. d4 Nf6 3. Nc3 c6 4. f3 Nbd7 5. Be3 e5 6. Qd2 Be7 7. Nge2 O-O 8. g4
b5 9. Ng3 Nb6 10. g5 Nfd7 11. f4 b4 12. Nd1 c5 13. d5 Re8 14. f5 Bf8 15. h4 a5
16. f6 a4 17. h5 Ra7 18. Nf5 Nb8 19. fxg7 Bxg7 20. Qg2 Bxf5 21. exf5 e4 22. h6
Bd4 23. c3 bxc3 24. bxc3 Bxe3 25. Nxe3 N8d7 26. Bb5 Ne5 27. Qxe4 Nf3+ 28. Qxf3
Rxe3+ 29. Qxe3 Re7 30. Qxe7 Qxe7+ 31. Kf2 Qe4 32. f6 Qf4+ 33. Ke2 Qe4+ 34. Kf2
Qf4+ 35. Ke2 Qe4+ 36. Kf2 Qf4+ 37. Ke2 1/2-1/2

[Event "Indywidualne Mistrzostwa Polski Juniorow Mlodszych do 14 lat OOM Podlaskie 2015 "]
[Site "Suwalki"]
[Date "1899-12-30"]
[Round "2.8"]
[White "Garbowski, Jakub"]
[Black "Kaminski, Maciej"]
[Result "0-1"]
[WhiteTitle "I+"]
[BlackTitle "II+"]
[WhiteElo "1964"]
[BlackElo "1600"]

1. e4 e5 2. Nf3 Nc6 3. Bb5 Bb4 4. c3 Ba5 5. O-O Nge7 6. Qe2 O-O 7. d3 d5 8. Re1
d4 9. a4 a6 10. Bc4 Bg4 11. Ra3 Rb8 12. Ra1 Qd6 13. h3 dxc3 14. bxc3 Nd4 15. cxd4
Bxf3 16. gxf3 Bxe1 17. Qxe1 Qxd4 18. Qc3 b5 19. axb5 axb5 20. Bb3 c5 21. Be3 b4
22. Qxd4 exd4 23. Bf4 Ra8 24. Rxa8 Rxa8 25. Nd2 Ra1+ 26. Kh2 Nc6 27. Nc4 Na5 28.
Nxa5 Rxa5 29. Bd6 Ra3 30. Bc4 b3 31. Bxb3 Rxb3 32. Bxc5 Rxd3 33. Kg2 Rd1 34. f4
d3 35. Kf3 Rh1 36. Ke3 Rxh3+ 37. Kd2 h5 38. Be3 h4 39. Kxd3 Rh1 40. Ke2 h3 41.
Kf3 Rg1 0-1

[Event "Indywidualne Mistrzostwa Polski Juniorow Mlodszych do 14 lat OOM Podlaskie 2015 "]
[Site "Suwalki"]
[Date "1899-12-30"]
[Round "2.9"]
[White "Polczyk, Mikolaj"]
[Black "Nowak, Mikolaj"]
[Result "0-1"]
[WhiteTitle "I"]
[BlackTitle "I"]
[WhiteElo "1571"]
[BlackElo "1939"]

1. e4 e5 2. Nf3 Nc6 3. Bc4 Bc5 4. O-O Nf6 5. d3 h6 6. c3 Bb6 7. Nbd2 O-O 8. Bb3
d5 9. Qe2 Re8 10. h3 Nh5 11. Qd1 Nf4 12. exd5 Nxd5 13. Nc4 Bf5 14. Nxb6 Nxb6 15.
d4 e4 16. Nd2 Nd5 17. Nc4 Qd7 18. Ne3 Nxe3 19. Bxe3 Na5 20. Bc2 Nc4 21. Qe2 Nd6
22. Bf4 Re6 23. d5 Rg6 24. Kh2 Re8 25. Rg1 Qe7 26. Rae1 Qf6 27. Bg3 Bd7 28. a4
Qg5 29. b3 Qxd5 30. c4 Qc5 31. Rd1 Bc6 32. Rge1 f5 33. Bf4 Rge6 34. h4 a6 35.
g3 Qa7 36. Be3 Qa8 37. b4 b6 38. Bb3 Nf7 39. c5 R6e7 40. cxb6 cxb6 41. Bxb6 e3
42. Qa2 e2 43. Bxf7+ Kh7 44. Bxe8 exd1=Q 45. Rxd1 Qxe8 46. Be3 f4 47. gxf4 Qh5
48. Qc2+ Be4 49. Qc8 Qxd1 0-1

[Event "Indywidualne Mistrzostwa Polski Juniorow Mlodszych do 14 lat OOM Podlaskie 2015 "]
[Site "Suwalki"]
[Date "1899-12-30"]
[Round "2.10"]
[White "Wyczling, Bartosz"]
[Black "Butyrowski, Marcel"]
[Result "1-0"]
[WhiteTitle "I"]
[BlackTitle "II"]
[WhiteElo "1926"]
[BlackElo "1514"]

1. d4 d5 2. c4 c6 3. Nc3 Nf6 4. Bg5 g6 5. e3 Bg7 6. c5 O-O 7. Bd3 Nbd7 8. f4 b5
9. Nf3 b4 10. Ne2 Ne4 11. Bxe4 dxe4 12. Nd2 Nf6 13. Ng3 Qd5 14. h3 h6 15. Bxf6
exf6 16. Qa4 g5 17. O-O f5 18. Qxb4 Ba6 19. Rf2 g4 20. hxg4 fxg4 21. Qb3 Qd8 22.
Ndxe4 Kh8 23. Nd6 Bf6 24. Ngf5 g3 25. Rf3 Be2 26. Rxg3 Bh4 27. Nxf7+ 1-0

[Event "Indywidualne Mistrzostwa Polski Juniorow Mlodszych do 14 lat OOM Podlaskie 2015 "]
[Site "Suwalki"]
[Date "1899-12-30"]
[Round "2.11"]
[White "Ulatowski, Jakub"]
[Black "Lis, Mateusz"]
[Result "1/2-1/2"]
[WhiteTitle "II"]
[BlackTitle "I"]
[WhiteElo "1511"]
[BlackElo "1926"]

1. d4 Nf6 2. Nf3 g6 3. Bg5 Bg7 4. e3 d6 5. Bd3 Nbd7 6. Nbd2 O-O 7. O-O h6 8. Bh4
e5 9. c3 Qe8 10. Qc2 Nh7 11. Bc4 Nb6 12. Bb3 Bf5 13. e4 Be6 14. Bxe6 Qxe6 15.
d5 Qe8 16. c4 Nd7 17. Ne1 f5 18. f3 f4 19. Bf2 b6 20. Nd3 a5 21. a3 a4 22. b4
axb3 23. Nxb3 Ndf6 24. Nb4 g5 25. g4 h5 26. h3 hxg4 27. hxg4 Qd7 28. Be1 Ra4 29.
Nc6 Kh8 30. Bb4 Kg8 31. Kf2 Raa8 32. a4 Rf7 33. Rg1 Nf8 34. a5 bxa5 35. Rxa5 Rxa5
36. Nbxa5 Bh8 37. Rh1 Rh7 38. Rxh7 Qxh7 39. Kg1 Ng6 40. Qh2 Nh4 41. Kf2 Qxe4 42.
fxe4 Nxg4+ 43. Kg1 Nf3+ 44. Kg2 Ngxh2 45. Ne7+ Kf7 46. Nf5 Bg7 47. c5 dxc5 48.
Bxc5 g4 49. Nc6 g3 50. Nd8+ Kg8 51. Ne6 Bf6 52. Nxg3 fxg3 53. Kxg3 Bg5 54. Nxc7
Bf4+ 55. Kf2 Ng5 56. Ne6 Nxe4+ 57. Kg2 Nxc5 58. Nxc5 Ng4 59. d6 Kf7 60. d7 Bg5
61. Nb7 Ke6 62. d8=Q Bxd8 63. Nxd8+ Kd5 64. Nf7 e4 65. Ng5 e3 66. Kf3 1/2-1/2

[Event "Indywidualne Mistrzostwa Polski Juniorow Mlodszych do 14 lat OOM Podlaskie 2015 "]
[Site "Suwalki"]
[Date "1899-12-30"]
[Round "2.12"]
[White "Gumularz, Szymon"]
[Black "Fus, Jakub"]
[Result "1-0"]
[WhiteTitle "I++"]
[BlackTitle "II+"]
[WhiteElo "2305"]
[BlackElo "1821"]

1. d4 e6 2. Nf3 Nf6 3. g3 b6 4. Bg2 Bb7 5. c4 Be7 6. O-O O-O 7. d5 exd5 8. Nh4
c5 9. Nf5 d6 10. Nc3 Qd7 11. Nxd5 Nxd5 12. Bxd5 Nc6 13. e4 Nb4 14. Qg4 Bf6 15.
Nh6+ 1-0

[Event "Indywidualne Mistrzostwa Polski Juniorow Mlodszych do 14 lat OOM Podlaskie 2015 "]
[Site "Suwalki"]
[Date "1899-12-30"]
[Round "2.13"]
[White "Stanowski, Mateusz"]
[Black "Ochowicz, Jakub"]
[Result "0-1"]
[WhiteTitle "II"]
[BlackTitle "I"]
[WhiteElo "1401"]
[BlackElo "1927"]

1. d4 Nf6 2. c4 g6 3. Nc3 Bg7 4. Nf3 O-O 5. e3 d6 6. Be2 Nbd7 7. b4 e5 8. O-O Qe7
9. Bb2 b6 10. Re1 Bb7 11. Qb3 Ne4 12. Rad1 Kh8 13. dxe5 Nxe5 14. Nd5 Bxd5 15.
Nxe5 Bxe5 16. Bxe5+ Qxe5 17. Rxd5 Qe7 18. Qb2+ Kg8 19. Qc2 Rae8 20. Bd3 Nf6 21.
Rg5 Nd7 22. Rg3 Qe5 23. f4 Qf6 24. Rf1 Kh8 25. Rff3 Qa1+ 26. Kf2 f5 27. Rh3 Nf6
28. Rfg3 Ng4+ 29. Ke2 Re6 30. Bxf5 Rxf5 31. Rxg4 Qf6 32. Rf3 h5 33. Rgg3 Kh7 34.
Rh3 Kg7 35. g3 Qe7 36. Qc3+ Kh6 37. g4 Rf8 38. gxh5 gxh5 39. Qd4 c6 40. Rhg3 Re4
41. Qd3 Re8 42. f5 Qe5 43. Kf2 h4 44. Rg6+ Kh5 45. Rg2 Rf8 46. Qd1 Kh6 47. Qg1
Qb2+ 48. Kf1 Qb1+ 49. Kf2 Qxa2+ 50. Ke1 Qb1+ 51. Ke2 Qc2+ 52. Ke1 Qc1+ 53. Kf2
Qb2+ 54. Ke1 Qc1+ 55. Kf2 Qd2+ 56. Kf1 Qd1+ 57. Kf2 Qc2+ 58. Ke1 Qc3+ 59. Kf2
Qb2+ 60. Kf1 Qa1+ 61. Ke2 Qb2+ 62. Kf1 Qc1+ 63. Kf2 Qd2+ 64. Kf1 Qd3+ 65. Re2
Qd1+ 66. Kf2 Qxg1+ 67. Kxg1 Rxc4 68. Rb2 Rf7 69. Rff2 Kh5 70. Rfd2 Rg4+ 71. Kf2
Rxf5+ 72. Ke2 Rg2+ 73. Ke1 Rg1+ 74. Ke2 Rg2+ 75. Ke1 Rxd2 76. Rxd2 d5 77. Rc2
Rf6 78. Ra2 Rf7 79. Ra4 Kg5 80. Ke2 Kf5 81. Kd3 Ke5 82. b5 cxb5 83. Rxh4 a5 84.
Rg4 Kf5 85. Rd4 Ke5 86. Rg4 Kf5 87. Rd4 Rd7 88. h4 b4 89. Kc2 Ke5 90. h5 Rh7 91.
Rh4 Rh6 92. Kb3 b5 93. Kc2 Kd6 94. Kd2 Kc5 95. Kc2 a4 96. Kb2 Kb6 97. Rxb4 Rxh5
98. Rd4 Kc5 99. Kc2 Re5 100. Rd3 b4 101. Kb2 Re4 102. Kc1 d4 103. exd4+ Rxd4 0-1

[Event "Indywidualne Mistrzostwa Polski Juniorow Mlodszych do 14 lat OOM Podlaskie 2015 "]
[Site "Suwalki"]
[Date "1899-12-30"]
[Round "2.14"]
[White "Laszczak, Przemyslaw"]
[Black "Modlich, Kacper"]
[Result "0-1"]
[WhiteTitle "I"]
[BlackTitle "II+"]
[WhiteElo "1930"]
[BlackElo "1626"]

1. d4 d5 2. c4 Bf5 3. Nc3 e6 4. cxd5 exd5 5. Qb3 Nc6 6. Be3 Nf6 7. Nf3 Be7 8. g3
O-O 9. Bg2 Na5 10. Qd1 Nc4 11. Bc1 Bb4 12. O-O Bxc3 13. bxc3 Ne4 14. Qb3 a5 15.
Ne5 Nxe5 16. dxe5 Qd7 17. Rd1 c6 18. Ba3 Rfe8 19. f3 Ng5 20. g4 Bxg4 21. fxg4
Qxg4 22. Bc5 Rxe5 23. Re1 Nh3+ 24. Kh1 Nf4 25. Bf3 Qh3 26. Qxb7 Rae8 27. Qxc6
h6 28. Rg1 Rxe2 29. Bxe2 Rxe2 30. Qa8+ Kh7 31. Rxg7+ Kxg7 32. Qf8+ Kf6 33. Bd4+
Ke6 34. Qc8+ Kd6 35. Qa6+ Kd7 36. Qb7+ Kd6 37. Qa6+ Kd7 38. Qb7+ Kd6 39. Qa6+
Kd7 40. Qb5+ Kd6 41. Qc5+ Ke6 42. Qc8+ Kd6 43. Qf8+ Re7 44. Be5+ Kd7 45. Bxf4
Qf3+ 46. Kg1 Qxf4 47. Qa8 Qe3+ 48. Kh1 Qf3+ 49. Kg1 Re5 50. Qb7+ Ke6 51. Qc8+
Ke7 52. Qc7+ Kf6 53. Qd8+ Kg7 54. h4 Re6 55. h5 Re5 56. Rf1 Qg3+ 57. Kh1 Rxh5+
0-1

[Event "Indywidualne Mistrzostwa Polski Juniorow Mlodszych do 14 lat OOM Podlaskie 2015 "]
[Site "Suwalki"]
[Date "1899-12-30"]
[Round "2.15"]
[White "Kokoszczynski, Jan"]
[Black "Wloch, Mikolaj"]
[Result "1-0"]
[WhiteTitle "I+"]
[BlackTitle "I"]
[WhiteElo "1906"]
[BlackElo "1564"]

1. e4 c5 2. Nf3 d6 3. d4 cxd4 4. Qxd4 Nc6 5. Bb5 Bd7 6. Bxc6 Bxc6 7. Nc3 Nf6 8.
Bg5 Qb6 9. Qd3 h6 10. Bxf6 gxf6 11. O-O Bg7 12. Nd4 Rc8 13. Nf5 Bf8 14. Rab1 Rg8
15. Nd5 Bxd5 16. exd5 Qc5 17. Rfe1 Kd7 18. Qh3 Kd8 19. Ne3 Qa5 20. c4 Qc7 21.
b4 b6 22. Rec1 Qd7 23. Qh4 Bg7 24. Qh5 e6 25. Rd1 e5 26. Rdc1 Bf8 27. h4 Rg6 28.
Qf3 Be7 29. Nf5 Bf8 30. Rc2 Qa4 31. Qd3 Rg4 32. f3 Rg6 33. a3 Qa6 34. Rbc1 Qb7
35. Qe4 Qd7 36. Rc3 Qb7 37. R3c2 Qd7 38. Kh2 h5 39. Rc3 Rc7 40. g3 Rc8 41. R1c2
Rc7 42. Rg2 b5 43. Rgc2 bxc4 44. Rxc4 Rxc4 45. Qxc4 Qxf5 46. Qc7+ Ke8 47. Qb8+
Ke7 48. Rc7+ Qd7 49. Rxd7+ Kxd7 50. Qxf8 1-0

[Event "Indywidualne Mistrzostwa Polski Juniorow Mlodszych do 14 lat OOM Podlaskie 2015 "]
[Site "Suwalki"]
[Date "1899-12-30"]
[Round "2.16"]
[White "Zolkiewski, Jakub"]
[Black "Gaj, Szymon"]
[Result "1/2-1/2"]
[WhiteTitle "II"]
[BlackTitle "I"]
[WhiteElo "1609"]
[BlackElo "1884"]

1. d4 d5 2. c4 e6 3. Nf3 c6 4. g3 f5 5. Bg2 Nf6 6. Qd3 Bd6 7. Nc3 O-O 8. Rb1 Ne4
9. O-O b6 10. cxd5 exd5 11. Be3 f4 12. Bc1 Bf5 13. Nh4 Nxc3 14. Nxf5 Nxb1 15.
Nxd6 Qxd6 16. Bxf4 Qg6 17. Qxb1 Qxb1 18. Rxb1 Nd7 19. Rc1 Rf6 20. Rxc6 Rxc6 21.
Bxd5+ Kf8 22. Bxc6 Rd8 23. Bg5 Nf6 24. Bxf6 gxf6 25. e3 Rc8 26. Be4 h6 27. Kg2
Rc1 28. a4 Ke7 29. Bd5 Kd6 30. Bf7 Rc7 31. Bg8 a6 32. Bb3 Rc1 33. Bg8 Kc6 34.
Bf7 Rb1 35. b3 b5 36. Be8+ Kb6 37. axb5 a5 38. Bf7 Kxb5 39. Kf3 Rb2 40. h3 Kb4
41. g4 Rc2 42. Be6 Rc6 43. Bf7 Rc7 44. Be6 Re7 45. Bd5 1/2-1/2

[Event "Indywidualne Mistrzostwa Polski Juniorow Mlodszych do 14 lat OOM Podlaskie 2015 "]
[Site "Suwalki"]
[Date "1899-12-30"]
[Round "2.17"]
[White "Golenia, Jan"]
[Black "Mietkiewicz, Jacek"]
[Result "1-0"]
[WhiteTitle "I"]
[BlackTitle "II+"]
[WhiteElo "1725"]
[BlackElo "1505"]

1. Nf3 e6 2. g3 d5 3. Bg2 Nf6 4. c4 c5 5. O-O Nc6 6. b3 Be7 7. Bb2 d4 8. d3 e5
9. Nbd2 Bf5 10. Re1 O-O 11. Ng5 Qd7 12. Nge4 h5 13. Nxf6+ Bxf6 14. Ne4 Be7 15.
Qd2 Nd8 16. Ba3 Ne6 17. e3 Rad8 18. exd4 exd4 19. Rab1 a5 20. Qe2 h4 21. Bc1 Rde8
22. f4 Nd8 23. Bd2 Nc6 24. Bf3 hxg3 25. hxg3 g6 26. Qg2 Bh3 27. Qe2 Kg7 28. Qh2
Rh8 29. Qf2 b6 30. Bg2 Bd8 31. a3 Rh5 32. Ng5 Bxg5 33. fxg5 Ne5 34. Rxe5 Bxg2
35. Qf6+ Kh7 36. Kxg2 Qb7+ 37. Rd5 Re2+ 38. Kg1 Rxd2 39. Rf1 Rhh2 40. Re1 Qc7
41. Qf3 Rh3 42. Ree5 Rb2 43. a4 Rc2 44. Qg4 Rch2 45. Qd7 Rh1+ 46. Kg2 R3h2+ 47.
Kf3 Rf1+ 48. Kg4 Qxd7+ 49. Rxd7 Kg7 50. Rb7 Rd2 51. Rxb6 Rxd3 52. Rxc5 Rdd1 53.
Rd5 Rd3 54. c5 Rff3 55. Rxd4 Rxg3+ 56. Kf4 Rdf3+ 57. Ke4 Re3+ 58. Kd5 Rxg5+ 59.
Kc4 Re1 60. Kb5 Rb1 61. Kc6 Re5 62. Rc4 Re6+ 63. Kc7 Re7+ 64. Kd8 Kf8 65. c6 Rd1+
66. Kc8 Ke8 67. c7 Rd5 68. Kb8 1-0

[Event "Indywidualne Mistrzostwa Polski Juniorow Mlodszych do 14 lat OOM Podlaskie 2015 "]
[Site "Suwalki"]
[Date "1899-12-30"]
[Round "2.18"]
[White "Gorecki, Mateusz"]
[Black "Leskiewicz, Ignacy"]
[Result "0-1"]
[WhiteTitle "II"]
[BlackTitle "I"]
[WhiteElo "1529"]
[BlackElo "1692"]

1. e4 c5 2. Nf3 d6 3. d4 cxd4 4. Qxd4 Nc6 5. Bb5 Bd7 6. Qd3 Nf6 7. Nc3 e6 8. Bf4
d5 9. exd5 Nb4 10. Qe2 Nbxd5 11. Nxd5 Nxd5 12. Bg5 Qa5+ 13. Bd2 Qxb5 14. c4 Qxb2
15. O-O Nb6 16. Ne5 Bb4 17. Nxd7 Qxd2 18. Qxd2 Bxd2 19. Nxb6 axb6 20. Rfd1 O-O-O
21. g3 Bc3 22. Rac1 Rxd1+ 23. Rxd1 Rd8 24. Rxd8+ Kxd8 25. Kf1 Kc7 26. Ke2 Bd4
27. f3 Kc6 28. Kd3 Kc5 29. a3 f5 30. g4 fxg4 31. fxg4 Bg1 32. h3 b5 33. cxb5 Kxb5
34. Ke4 Bh2 35. g5 Ka4 0-1

[Event "Indywidualne Mistrzostwa Polski Juniorow Mlodszych do 14 lat OOM Podlaskie 2015 "]
[Site "Suwalki"]
[Date "1899-12-30"]
[Round "2.19"]
[White "Wierzbicki, Michal"]
[Black "Gozdzicki, Maciej"]
[Result "1-0"]
[WhiteTitle "I"]
[BlackTitle "II"]
[WhiteElo "1687"]
[BlackElo "1443"]

1. d4 d5 2. Nf3 Nf6 3. c4 c6 4. e3 Bf5 5. Nc3 e6 6. Nh4 Bg6 7. Nxg6 hxg6 8. Bd2
Bd6 9. Rc1 Qc7 10. Qb3 Nbd7 11. g3 Ng4 12. cxd5 exd5 13. Nb5 Qb8 14. Nxd6+ Qxd6
15. Qxb7 Rb8 16. Qxc6 Qxc6 17. Rxc6 Ke7 18. b3 Rhc8 19. Rxc8 Rxc8 20. Bd3 Rh8
21. h3 Nf8 22. f3 Nf6 23. Bb4+ Kd7 24. Kf2 Ne6 25. Bc3 Rc8 26. Rc1 Ne8 27. Bb5+
Kd8 28. Ba5+ N8c7 29. Bc6 Ng5 30. h4 Nge6 31. Bxd5 Kd7 32. Bxe6+ Nxe6 33. Rxc8
Kxc8 34. Ke2 Kd7 35. Kd3 Kc6 36. e4 Kb5 37. Bc3 f6 38. a4+ Kb6 39. Kc4 Nd8 40.
Bb4 1-0

[Event "Indywidualne Mistrzostwa Polski Juniorow Mlodszych do 14 lat OOM Podlaskie 2015 "]
[Site "Suwalki"]
[Date "1899-12-30"]
[Round "2.20"]
[White "Rak, Maciej"]
[Black "Modlich, Piotr"]
[Result "0-1"]
[WhiteTitle "II"]
[BlackTitle "II+"]
[WhiteElo "1476"]
[BlackElo "1665"]

1. e4 c5 2. Nf3 d6 3. c3 Nf6 4. Be2 Bd7 5. Qc2 Qc7 6. d4 cxd4 7. Nxd4 g6 8. c4
Bg7 9. Be3 O-O 10. O-O a6 11. Nc3 Nc6 12. b3 Nxd4 13. Bxd4 b5 14. Qd2 Qb7 15.
f3 bxc4 16. bxc4 Be6 17. Rab1 Qc7 18. Rfc1 Rab8 19. Nd5 Bxd5 20. cxd5 Rxb1 21.
Rxb1 Nd7 22. Bxa6 Bxd4+ 23. Qxd4 Qa5 24. Bb5 Rb8 25. a4 Nc5 26. Rd1 Nxa4 27. Qxa4
Qxb5 28. Qxb5 Rxb5 29. Rd2 Kg7 30. Kf2 f5 31. g3 Kf6 32. Re2 fxe4 33. fxe4 Ke5
34. Kf3 Rb4 35. Re3 h5 36. h4 Rd4 37. Re1 Rd2 38. Ke3 Ra2 39. Kf3 Ra4 40. Re3
Ra1 41. Re2 Rd1 42. Ke3 Rf1 43. Kd3 Ra1 44. Ke3 Ra3+ 45. Kf2 Kd4 46. Re1 Rd3 47.
Re2 Rd1 48. Kf3 Rf1+ 49. Kg2 Rf7 50. Kg1 Kd3 51. Re1 Rf3 52. e5 Re3 53. Rd1+ Ke4
54. Kf2 Rf3+ 55. Kg2 Rf5 56. g4 Rxe5 57. Kg3 Ke3 58. Ra1 Kd4 59. Rd1+ Kc5 60.
gxh5 gxh5 61. Kf4 Rxd5 62. Rxd5+ Kxd5 63. Kg5 e5 64. Kxh5 e4 65. Kg4 Ke6 66. Kf4
d5 67. h5 Kf6 68. h6 Kg6 69. h7 Kxh7 70. Ke3 Kg6 71. Kf4 Kf6 72. Ke3 Kf5 73. Kd4
Kf4 74. Kxd5 e3 0-1

[Event "Indywidualne Mistrzostwa Polski Juniorow Mlodszych do 14 lat OOM Podlaskie 2015 "]
[Site "Suwalki"]
[Date "1899-12-30"]
[Round "2.21"]
[White "Jarzebowski, Kacper"]
[Black "Banach, Jakub"]
[Result "1-0"]
[WhiteTitle "I"]
[BlackTitle "II"]
[WhiteElo "1660"]
[BlackElo "1392"]

1. e4 e6 2. Nf3 d5 3. Nc3 Nf6 4. e5 Nfd7 5. d4 c5 6. dxc5 Bxc5 7. Bd3 Nc6 8. Qe2
Nd4 9. Nxd4 Bxd4 10. Bf4 Qa5 11. O-O Bxc3 12. bxc3 Qxc3 13. Rae1 Qb4 14. Bd2 Qh4
15. g3 Qh3 16. f4 O-O 17. f5 Nc5 18. f6 g6 19. Rf4 Nxd3 20. cxd3 Qh5 21. Qxh5
gxh5 22. Rh4 Bd7 23. Rxh5 Bb5 24. Rg5+ Kh8 25. Re3 Rg8 26. Rh5 Rgc8 27. g4 Rc2
28. Reh3 Bxd3 29. Rxd3 Rg8 30. g5 Rg6 31. Rh6 Rxa2 32. Rh4 Rb2 33. Ra4 a6 34.
Kf1 Rb5 35. h4 a5 36. Rxa5 Rxa5 37. Bxa5 h5 38. Rb3 Rg8 39. Rxb7 Ra8 40. Be1 Kg8
41. Bd2 Ra4 42. g6 fxg6 43. f7+ Kg7 44. Bh6+ Kh7 45. f8=Q# 1-0

[Event "Indywidualne Mistrzostwa Polski Juniorow Mlodszych do 14 lat OOM Podlaskie 2015 "]
[Site "Suwalki"]
[Date "1899-12-30"]
[Round "2.22"]
[White "Jagura, Norbert"]
[Black "Brozyna, Mateusz"]
[Result "0-1"]
[WhiteTitle "II"]
[BlackTitle "II"]
[WhiteElo "1387"]
[BlackElo "1641"]

1. b4 d5 2. Bb2 Qd6 3. a3 e5 4. Nf3 f6 5. e3 Be6 6. Nc3 c6 7. Be2 Nd7 8. O-O Be7
9. d4 e4 10. Nd2 f5 11. Na4 Ngf6 12. c4 dxc4 13. Nxc4 Bxc4 14. Bxc4 b5 15. Be2
bxa4 16. Rc1 Nb6 17. Ba6 Ng4 18. g3 Qh6 19. h4 Bxh4 20. Qc2 O-O 21. Kg2 Bxg3 22.
Rh1 Qe6 23. Bc4 Nd5 24. Rh3 Bxf2 25. Qe2 Bxe3 26. Rch1 h6 27. Rxe3 Ngxe3+ 28.
Qxe3 Kh8 29. Bxd5 cxd5 30. Bc3 f4 31. Qf2 Rac8 32. Be1 Qc6 33. Kf1 Qc4+ 34. Kg1
e3 35. Qf3 Qxd4 36. Kh2 Qe4 37. Qg2 f3 0-1

[Event "Indywidualne Mistrzostwa Polski Juniorow Mlodszych do 14 lat OOM Podlaskie 2015 "]
[Site "Suwalki"]
[Date "1899-12-30"]
[Round "2.23"]
[White "Jobda, Rafal"]
[Black "Marciniak, Piotr"]
[Result "1-0"]
[WhiteTitle "II"]
[BlackTitle "III"]
[WhiteElo "1640"]
[BlackElo "1297"]

1. e4 c5 2. Nf3 e6 3. d4 cxd4 4. Nxd4 a6 5. Nc3 Qc7 6. Bd3 b5 7. Nb3 Bb7 8. a3
Nf6 9. f3 d5 10. Qe2 Bd6 11. Bxb5+ axb5 12. Nxb5 Qd7 13. Nxd6+ Qxd6 14. e5 Qc7
15. exf6 gxf6 16. Be3 Nd7 17. Qd2 e5 18. O-O Nb6 19. Bxb6 Qxb6+ 20. Kh1 Rc8 21.
Rfe1 Rc4 22. Na5 Rh4 23. Nxb7 Qxb7 24. b4 Ke7 25. c3 Rc4 26. Rad1 Ke6 27. f4 e4
28. f5+ Kxf5 29. Qxd5+ Qxd5 30. Rxd5+ Kg6 31. Re3 Rhc8 32. Rg3+ Kh6 33. Kg1 Rxc3
34. Rxc3 Rxc3 35. a4 Rc2 36. b5 e3 37. Kf1 Rf2+ 38. Ke1 Rxg2 39. b6 Rb2 40. Rb5
Rxh2 41. b7 Rh1+ 42. Ke2 Ra1 43. b8=Q Rxa4 44. Kxe3 Ra3+ 45. Rb3 Rxb3+ 46. Qxb3
Kg6 47. Kf4 1-0

[Event "Indywidualne Mistrzostwa Polski Juniorow Mlodszych do 14 lat OOM Podlaskie 2015 "]
[Site "Suwalki"]
[Date "1899-12-30"]
[Round "3.1"]
[White "Raczynski, Krzysztof"]
[Black "Kosakowski, Jakub"]
[Result "1/2-1/2"]
[WhiteTitle "I+"]
[BlackTitle "k"]
[WhiteElo "1758"]
[BlackElo "2186"]

1. e4 c5 2. Nf3 d6 3. d4 cxd4 4. Nxd4 Nf6 5. Nc3 a6 6. Be3 e5 7. Nb3 Be6 8. f3
Be7 9. Qd2 O-O 10. O-O-O Nbd7 11. g4 b5 12. g5 b4 13. Ne2 Ne8 14. Kb1 a5 15. Ng3
a4 16. Nc1 b3 17. cxb3 axb3 18. a3 Rc8 19. Nf5 Bxf5 20. exf5 Rc2 21. Qd5 Bxg5
22. Nxb3 Rc8 23. Qd2 Bxe3 24. Qxe3 Ndf6 25. Rg1 Kh8 26. f4 exf4 27. Qxf4 Qb6 28.
Rg3 d5 29. Qd4 Qxd4 30. Nxd4 Nd6 31. Bd3 Rfe8 32. Rc1 g6 33. Rxc8 Rxc8 34. a4
Nfe4 35. Rg2 Ra8 36. b3 gxf5 37. Kb2 f4 38. Rg1 Nc5 39. Bc2 Ne6 40. Nf5 Nxf5 41.
Bxf5 Nd4 42. Bc2 Re8 43. Bd1 Nf5 44. Bf3 d4 45. a5 Nd6 46. a6 Nb5 47. Rg4 Re6
48. Rxf4 Rxa6 49. Be2 1/2-1/2